Miasta w województwie Śląskim powyżej 100,000 mieszkańców - Statystyki

Ogólne statystyki
  • Ten quiz został rozwiązany 115 razy
  • Średni wynik to 10 z 12
Statystyki odpowiedzi
Ludność Miasto % Poprawnych
303 314 Katowice
100%
184 993 Gliwice
96%
231 527 Częstochowa
94%
210 249 Sosnowiec
91%
177 815 Zabrze
91%
110 538 Chorzów
85%
172 762 Bytom
82%
123 774 Dąbrowa Górnicza
78%
128 698 Tychy
78%
141 090 Ruda Śląska
77%
140 094 Rybnik
74%
173 462 Bielsko-Biała
73%
Nie znaleziono quizów pasujących do podanych kryteriów
Rozkład punktacji
Procent ludzi z każdym wynikiem
Percentyl według liczby udzielonych odpowiedzi
Twoja historia wyników
Nie rozwiązałeś tego quizu